Encyklopedie pivovarů Čech, Moravy a Slezska

Titel: Encyklopedie pivovarů Čech, Moravy a Slezska / Pavel Jákl
Teil: 1. Střední Čechy / Pavel Jákl
Verfasser:
Veröffentlicht: Praha : Libri, 2004
Umfang: 369, 12 S. : Ill.
Format: Buch
Sprache: Tschechisch
Schriftenreihe/
mehrbändiges Werk:
Encyklopedie pivovarů Čech, Moravy a Slezska / Pavel Jákl ; 1
alle Bände anzeigen
ISBN: 8072772260
Buchumschlag
X
Lokale Klassifikation: 23 13 B ; 22 13 B
alg: 33941547
001A    $03004:28-04-14 
001B    $01999:09-06-23 $t21:36:42.000 
001C    $03004:28-04-14 $t10:57:55.000 
001D    $03004:28-04-14 
001U    $0utf8 
001X    $00 
002@    $0Afu 
003@    $0339415479 
003O    $0314892196 $aOCoLC 
004A    $080-7277-226-0 
007A    $0339415479 $aHEB 
007G    $0DE020323084B928118032C1257CD0002D216F 
009P    $qapplication/pdf $A2 $3Inhaltsverzeichnis $uhttp://scans.hebis.de/HEBCGI/show.pl?33941547_toc.pdf $mV:DE-603;B:DE-Mb50 
010@    $acze 
011@    $a2004 
021A    $aStřední Čechy $hPavel Jákl 
028A    $7 $8Jákl, Pavel [Tnu] $923309234X 
033A    $pPraha $nLibri 
034D    $a369, 12 S. 
034M    $aIll. 
036C    $aEncyklopedie pivovarů Čech, Moravy a Slezska $x11 $hPavel Jákl $l1 
036D    $x11 $8Encyklopedie pivovarů Čech, Moravy a Slezska / Pavel Jákl $9228751683 
045F    $a630.94371 $eDDC23BSB 
045F/01 $a630.9 
045F/03 $g4371 
045F/03 $g437 

lok: 33941547 24
101B    $028-04-14 $t10:57:55.000 
101C    $028-04-14 
101U    $0utf8 
145Z/01 $a23 13 B 
145Z/02 $a22 13 B 

exp: 33941547 24 1 #EPN
201B/01 $028-04-14 $t10:57:55.000 
201C/01 $028-04-14 
201U/01 $0utf8 
203@/01 $0731042891 
208@/01 $a28-04-14 $bz 
209A/01 $a14.02126 $du $f050 $h14 02126 $x00 
209C/01 $a14.02126 K $h14 02126 K 
209G/01 $a73048443 $x00 
220C/01 $akon 
247C/01 $8358050-7 Marburg, Bibliothek des Herder-Instituts Marburg $9102600961
LEADER 00000cam a2200000 cc4500
001 339415479
003 DE-603
005 20230609213642.0
007 tu
008 140428s2004 xx |||| | u00||u|cze c
020 |a 8072772260 
035 |a (DE-599)HEB339415479 
035 |a (OCoLC)314892196 
040 |a DE-603  |b ger  |c DE-603  |d DE-603 
041 |a cze 
082 0 4 |8 1\u  |a 630.94371  |q DE-101  |2 23/BSB 
085 |8 1\u  |b 630.9 
085 |8 1\u  |z 2  |s 4371 
085 |8 1\u  |z 2  |s 437 
100 1 |a Jákl, Pavel  |0 (DE-603)23309234X 
245 0 0 |a Encyklopedie pivovarů Čech, Moravy a Slezska  |n 1  |p Střední Čechy / Pavel Jákl  |c Pavel Jákl 
264 1 |a Praha  |b Libri  |c 2004 
300 |a 369, 12 S.  |b Ill. 
773 0 8 |q 11  |w (DE-603)228751683 
856 4 2 |m V:DE-603;B:DE-Mb50  |q application/pdf  |u http://scans.hebis.de/HEBCGI/show.pl?33941547_toc.pdf  |3 Inhaltsverzeichnis 
924 0 |9 Mb 50  |a (DE-603)731042891  |b DE-Mb50  |c HES  |d c  |g 14.02126